|
|
|
|
| LEADER |
01051nam a2200301 4500 |
| 001 |
DLU170181273 |
| 005 |
##20171013 |
| 040 |
# |
# |
|a DLU
|b vie
|
| 041 |
# |
# |
|a vie
|
| 044 |
# |
# |
|a vn
|
| 082 |
# |
# |
|a 621.381 59
|b DA-D
|
| 100 |
# |
# |
|a Đặng Đình Điệp.
|
| 245 |
# |
# |
|a Nghiên cứu, thiết kế khối ADC8K xấp xỉ liên tiếp :
|b Tóm tắt Luận văn Thạc sĩ Vật lý kỹ thuật /
|c Đặng Đình Điệp; Đặng Lành hướng dẫn.
|
| 260 |
# |
# |
|a Đà Lạt :
|b Trường Đại học Đà Lạt,
|c 2016.
|
| 300 |
# |
# |
|a 24 tr. :
|b minh hoạ ;
|c 21 cm.
|
| 504 |
# |
# |
|a Tài liệu tham khảo: tr. 24.
|
| 650 |
# |
# |
|a Phép biến đổi tương tự sang số.
|
| 700 |
# |
# |
|a Đặng Lành,
|c TS.
|e hướng dẫn.
|
| 915 |
# |
# |
|a Vật lý kỹ thuật
|b 60520401
|c Thạc sĩ
|d Trường Đại học Đà Lạt
|e Bộ Giáo dục và Đào tạo.
|
| 992 |
# |
# |
|a 0
|
| 994 |
# |
# |
|a DLU
|
| 900 |
# |
# |
|a True
|
| 911 |
# |
# |
|a Nguyễn Thanh Hương
|
| 925 |
# |
# |
|a G
|
| 926 |
# |
# |
|a A
|
| 927 |
# |
# |
|a LA
|
| 980 |
# |
# |
|a Thư viện Trường Đại học Đà Lạt
|